|
|
|
|
| LEADER |
00000nab a2200000 a 4500 |
| 001 |
vtls000300488 |
| 003 |
SK-MaSNL |
| 005 |
20260326140144.0 |
| 008 |
220422c xo 0 rus |
| 015 |
|
|
|a SNBRA19rr/mm-uuuuu
|
| 035 |
|
|
|a CL0310607
|
| 040 |
|
|
|a SNKBUCL
|b slo
|c SNKBUCL
|e AACR2
|
| 041 |
0 |
|
|a rus
|
| 044 |
|
|
|a xo
|c SK
|
| 080 |
|
|
|a 618.439:616.61
|2 1981
|
| 080 |
|
|
|a 616.61
|2 1981
|
| 100 |
1 |
|
|a Plank, Július,
|d 1924-2004
|4 aut
|9 1635647
|
| 245 |
1 |
0 |
|a Parametry zrelosti poček u normotrofičeskich i gipotrofičeskich novoroždennych
|c J. Plank, M. Benčat
|
| 300 |
|
|
|b Tb. 1. Grafy 6. Res. slov., angl., nem., lit. 27 zázn. v slov., angl., nem.
|
| 650 |
0 |
7 |
|a novorodenci
|2 snkbucl
|9 1225
|
| 650 |
0 |
7 |
|a obličky
|2 snkbucl
|9 14814
|
| 655 |
|
7 |
|a články zo zborníkov
|2 snkbucl
|9 166140
|
| 700 |
1 |
|
|a Benčat, Marián,
|d 1943-2024
|4 aut
|9 124439
|
| 773 |
0 |
|
|t Folia medica Martiniana Universitatis Comenianae 12-13
|d Martin : Osveta, 1985-1986
|g S. 67-80
|
| 850 |
|
|
|a Slovenská národná knižnica v Martine
|a MTA001
|
| 852 |
|
|
|a SNK
|b KIS3GCP
|
| 958 |
|
|
|a NB
|
| 958 |
|
|
|a RK
|
| 958 |
|
|
|a ME
|
| 992 |
|
|
|a RZB
|
| 999 |
|
|
|c 3234201
|d 3236131
|